书目信息 |
| 题名: |
西方科学的起源
|
|
| 作者: | 戴维·林德伯格 ;王 珺 | |
| 分册: | ||
| 出版信息: | 北京 中国对外翻译出版公司 2001 |
|
| 页数: | 480 | |
| 开本: | 20cm | |
| 丛书名: | ||
| 单 册: | ||
| 中图分类: | N05 | |
| 科图分类: | ||
| 主题词: | 自然科学--关系 | |
| 电子资源: | ||
| ISBN: | 7-5001-0884-2 | |
| 000 | 00620nam0 2200193 450 | |
| 001 | 0729297901 | |
| 005 | 20071003080817.90 | |
| 010 | @a7-5001-0884-2@d¥32.00 | |
| 100 | @a20071003d km y0chiy0120 ea | |
| 101 | 0 | @achi |
| 200 | 1 | @a西方科学的起源@Axi fang ke xue de qi yuan@f(美)戴维.林德伯格@F(mei)dai wei.lin de bo ge@g王 珺@Gwang jun |
| 210 | @a北京@c中国对外翻译出版公司@d2001 | |
| 215 | @a480@d20cm | |
| 606 | 0 | @a自然科学@x关系 |
| 690 | @aN05@v4 | |
| 701 | 0 | @a戴维·林德伯格@Adai wei·lin de bo ge |
| 702 | 0 | @a王 珺@Awang jun |
| 801 | 0 | @aCN@b大连网信软件有限公司图书馆·11@c20071003 |
| 905 | @a213230@dN05@eM2 | |
| 西方科学的起源/(美)戴维.林德伯格/王 珺.-北京:中国对外翻译出版公司,2001 |
| 480;20cm |
| ISBN 7-5001-0884-2:¥32.00 |
| ● |
| 相关链接 |
|
|
|
|
正题名:西方科学的起源
索取号:N05/M2
 
预约/预借
| 序号 | 登录号 | 条形码 | 馆藏地/架位号 | 状态 | 备注 |
| 1 | 6401054 | 264010545 | 密集书库-美术系/ [索取号:N05/M2] | 在馆 |